000 00690nam a2200241Ia 4500
003 OSt
005 20220926011947.0
006 a|||||r|||| 00| 0
007 ta
008 220923b |||||||| |||| 00| 0 eng d
037 _cGeneral Book
040 _aRTL
_cRTL
_beng
041 _2eng
_aeng
082 _aX:952, K1
100 _aMandell Milton M
_9315298
245 0 _aEmployment interview
260 _aNew York
_bAmerican Management Association USA
_c1961
300 _a110p. Appendix p 81-110
_ccm.
490 _aResearch study. 47
650 _aEmployment and service
_9236902
942 _hX:952, K1
_cGB
_2CC
999 _c621366
_d621366